| 000 | 00771nam a22002177a 4500 | ||
|---|---|---|---|
| 005 | 20240530110631.0 | ||
| 008 | 170122s2014 ua a f 000 0 ara d | ||
| 017 |
_a2013/16165 _bمصر. دار الكتب |
||
| 020 | _a9789772738311 | ||
| 040 |
_aEG-CaGPL _cEG-CaGPL |
||
| 082 | 0 | 4 |
_221 _a743.45\ _bهـ ن |
| 100 | 0 | _aهالة السيد البشبيشى . | |
| 245 | 1 | 0 |
_aنظرية رسوم الاطفال / _cهالة السيد البشبيشى |
| 250 | _aط.1 | ||
| 260 |
_aالقاهرة : _bدار المعرفة الجامعية ، _c2014 . |
||
| 300 |
_a159 ص. : _bصور ؛ _c24 سم. |
||
| 650 | 0 | 7 |
_2qrmak _aرسم الاطفال . |
| 650 | 0 | 7 |
_2qrmak _aرسوم الاطفال . |
| 942 |
_2ddc _cBK |
||
| 999 |
_c63255 _d63255 |
||